The penguin India career guide / (Record no. 67955)

MARC details
000 -LEADER
fixed length control field 00467nam a22001577a 4500
005 - DATE AND TIME OF LATEST TRANSACTION
control field 20120615110531.0
020 ## - INTERNATIONAL STANDARD BOOK NUMBER
International Standard Book Number 0140298657
Terms of availability Rs.395.00 (pbk)
035 ## - SYSTEM CONTROL NUMBER
System control number B-90311
037 ## - SOURCE OF ACQUISITION
Stock number DPL
Source of stock number/acquisition ENG
100 ## - MAIN ENTRY--PERSONAL NAME
Personal name Albuquerque, Usha
245 ## - TITLE STATEMENT
Title The penguin India career guide /
Statement of responsibility, etc by Usha Albuquerque
250 ## - EDITION STATEMENT
Edition statement Vol.II the sciences
260 ## - PUBLICATION, DISTRIBUTION, ETC. (IMPRINT)
Place of publication, distribution, etc New Delhi
Name of publisher, distributor, etc Penguin Books
Date of publication, distribution, etc 2000
300 ## - PHYSICAL DESCRIPTION
Extent vii, 447p.
Dimensions 20 cms.
942 ## - ADDED ENTRY ELEMENTS (KOHA)
Source of classification or shelving scheme Dewey Decimal Classification
Item type English Books
Classification part 370.113
Call number suffix ALB

No items available.


© Delhi Public Library
Hit Counter
free hit counter